Business statistics (Record no. 5779)

MARC details
000 -LEADER
fixed length control field 00413cam a2200169ua 4500
001 - CONTROL NUMBER
control field 6635
005 - DATE AND TIME OF LATEST TRANSACTION
control field 20260515114058.0
008 - FIXED-LENGTH DATA ELEMENTS--GENERAL INFORMATION
fixed length control field 140109n ii |||gr||||Z||||||eng
040 ## - CATALOGING SOURCE
Transcribing agency MAIN
082 ## - DEWEY DECIMAL CLASSIFICATION NUMBER
Classification number 519.5
245 11 - TITLE STATEMENT
Title Business statistics
Statement of responsibility, etc. By Biju Borah
260 ## - PUBLICATION, DISTRIBUTION, ETC.
Place of publication, distribution, etc. Guwahati:
Name of publisher, distributor, etc. BLJ publications,
Date of publication, distribution, etc. 2012.
653 ## - INDEX TERM--UNCONTROLLED
Uncontrolled term Commerce
653 ## - INDEX TERM--UNCONTROLLED
Uncontrolled term Business statistics
700 1# - ADDED ENTRY--PERSONAL NAME
Personal name Borah,Biju,
Relator term Author.
942 ## - ADDED ENTRY ELEMENTS (KOHA)
Koha item type Books
Holdings
Withdrawn status Lost status Damaged status Not for loan Home library Current library Shelving location Date acquired Total checkouts Full call number Barcode Date last seen Date last checked out Copy number Price effective from Koha item type
        Naharkatiya College Library Naharkatiya College Library General stacks 09/19/2020 6 519.5 | BOR 20946 09/07/2022 08/13/2022 1 09/19/2020 Books